[Event "IECG CN.2002.0.00293 email"]
[Site "IECG email"]
[Date "2002.05.01"]
[Round "?"]
[White "Marston, Dave"]
[Black "Pauls, Lawrence"]
[Result "1-0"]
[WhiteElo "800"]
[BlackElo "995"]
[PlyCount "103"]
[EventDate "2002.05.01"]
[EventType "tourn (corr)"]
[EventRounds "6"]
[SourceTitle "Corr 2008"]
[Source "ChessBase"]
[SourceDate "2008.06.24"]
[SourceVersion "1"]
[SourceVersionDate "2008.06.24"]
[SourceQuality "1"]

1. d4 Nf6 2. Nc3 d5 3. Bg5 Nbd7 4. Nf3 g6 5. e3 Bg7 6. Bd3 0-0 7. 0-0 c5 8. a4 b6 9. Ne5 Bb7 10. f4 Nxe5 11. fxe5 Ne4 12. Bxe4 dxe4 13. dxc5 Qc7 14. cxb6 axb6 15. Bf4 Bxe5 16. Bxe5 Qxe5 17. Qd7 Rab8 18. Qb5 Qxb5 19. axb5 Rfc8 20. Rfd1 Kf8 21. Ra7 Ke8 22. g4 Rc7 23. Nd5 Rxc2 24. Nxb6 Rc7 25. Kf2 e6 26. Kg3 f5 27. Na4 fxg4 28. b6 Rd7 29. Rc1 e5 30. Rc7 Kd8 31. Nc5 Rxc7 32. Ne6+ Kc8 33. bxc7 Ra8 34. Rxa8+ Bxa8 35. Kxg4 Bd5 36. Nf8 Bg8 37. Kg5 Kxc7 38. Kh6 Kd6 39. Nxh7 Bf7 40. Kg7 Be6 41. Kxg6 Bd7 42. h4 Be8+ 43. Kg7 Bh5 44. Nf6 Bf3 45. Kg6 Kc5 46. h5 Bxh5+ 47. Kxh5 Kc4 48. Kg5 Kd3 49. b4 Kc4 50. Kf5 Kxb4 51. Kxe5 Kc3 52. Kxe4 1-0

[Event "IECG CN.2002.0.00293 email"]
[Site "IECG email"]
[Date "2002.05.01"]
[Round "?"]
[White "Stuart, Keith"]
[Black "Pauls, Lawrence"]
[Result "1/2-1/2"]
[WhiteElo "935"]
[BlackElo "995"]
[PlyCount "89"]
[EventDate "2002.05.01"]
[EventType "tourn (corr)"]
[EventRounds "6"]
[SourceTitle "Corr 2008"]
[Source "ChessBase"]
[SourceDate "2008.06.24"]
[SourceVersion "1"]
[SourceVersionDate "2008.06.24"]
[SourceQuality "1"]

1. e4 e5 2. Nf3 Nc6 3. Nc3 Nf6 4. Bb5 Nd4 5. Bc4 Nxf3+ 6. Qxf3 d6 7. d3 c6 8. Be3 b5 9. Bb3 a5 10. a3 Be7 11. 0-0 a4 12. Ba2 0-0 13. d4 exd4 14. Bxd4 Bg4 15. Qg3 Qd7 16. f3 Be6 17. Bxe6 Qxe6 18. Rad1 Rfe8 19. f4 Bf8 20. Rfe1 Rad8 21. f5 Qe7 22. e5 dxe5 23. Rxe5 Qc7 24. Rxe8 Nxe8 25. Qf3 Rxd4 26. Rxd4 Bc5 27. Qe3 Nd6 28. Ne2 Bxd4 29. Nxd4 Qd7 30. Qe5 h6 31. Qc5 Qe8 32. Kf1 Nc4 33. Qxc6 Qe3 34. Nf3 Qc1+ 35. Ne1 Qf4+ 36. Nf3 Qxf5 37. b3 axb3 38. cxb3 Nd2+ 39. Kf2 Nxb3 40. Ke3 g6 41. h3 Kh7 42. g4 Na5 43. gxf5 Nxc6 44. Ke4 gxf5+ 45. Kxf5 1/2-1/2

[Event "IECG CN.2002.0.00287 email"]
[Site "IECG email"]
[Date "2002.03.15"]
[Round "?"]
[White "Jacquelin, Xavier"]
[Black "Pauls, Lawrence"]
[Result "0-1"]
[WhiteElo "630"]
[BlackElo "995"]
[PlyCount "54"]
[EventDate "2002.03.15"]
[EventType "tourn (corr)"]
[EventRounds "6"]
[SourceTitle "Corr 2008"]
[Source "ChessBase"]
[SourceDate "2008.06.24"]
[SourceVersion "1"]
[SourceVersionDate "2008.06.24"]
[SourceQuality "1"]

1. d4 Nf6 2. Nf3 d5 3. Bf4 c6 4. e3 Bf5 5. Be2 e6 6. 0-0 h6 7. c4 dxc4 8. Bxc4 Nbd7 9. Nbd2 Nb6 10. Be2 Be7 11. Ne5 Nbd5 12. Bg3 0-0 13. Rc1 a5 14. Bf3 Bh7 15. a3 Nb6 16. Qe2 Nbd7 17. Rfd1 Nxe5 18. Bxe5 Nd7 19. Bg3 Nf6 20. Nc4 Ne4 21. Bxe4 Bxe4 22. f3 Bh7 23. e4 a4 24. Kh1 Kh8 25. Ne5 f6 26. Nd3 Bg8 27. h3 Qb6 0-1

[Event "IECG CN.2002.0.00287 email"]
[Site "IECG email"]
[Date "2002.03.15"]
[Round "?"]
[White "Pauls, Lawrence"]
[Black "Aloy, Alfon"]
[Result "1-0"]
[WhiteElo "995"]
[BlackElo "865"]
[PlyCount "43"]
[EventDate "2002.03.15"]
[EventType "tourn (corr)"]
[EventRounds "6"]
[SourceTitle "Corr 2008"]
[Source "ChessBase"]
[SourceDate "2008.06.24"]
[SourceVersion "1"]
[SourceVersionDate "2008.06.24"]
[SourceQuality "1"]

1. e4 d5 2. exd5 Qxd5 3. Nc3 Qa5 4. d4 Nf6 5. Nf3 Bg4 6. h3 Bh5 7. Bd2 Nbd7 8. Be2 0-0-0 9. Ng5 Bg6 10. a4 e5 11. Nb5 Bb4 12. c3 Be7 13. b4 Qa6 14. Nxc7 Qc6 15. Nb5 Kb8 16. 0-0 Nd5 17. Qb3 h6 18. Nf3 e4 19. c4 Nc7 20. Bf4 Rc8 21. d5 Qf6 22. Qe3 1-0

[Event "IECG CN.2001.0.00274"]
[Site "IECG email"]
[Date "2001.12.17"]
[Round "?"]
[White "Pauls, Lawrence"]
[Black "Stewart, Barrie"]
[Result "1-0"]
[WhiteElo "890"]
[BlackElo "800"]
[PlyCount "49"]
[EventDate "2001.12.17"]
[EventType "tourn (corr)"]
[EventRounds "6"]
[SourceTitle "Corr 2008"]
[Source "ChessBase"]
[SourceDate "2008.06.24"]
[SourceVersion "1"]
[SourceVersionDate "2008.06.24"]
[SourceQuality "1"]

1. e4 Nc6 2. Nf3 e5 3. Nc3 Nd4 4. Nxe5 Nc6 5. Nxc6 bxc6 6. d4 d5 7. Bd3 Nf6 8. Qf3 Bg4 9. Qg3 Rb8 10. e5 Ne4 11. Qxg4 Qc8 12. Qxc8+ Rxc8 13. Nxe4 dxe4 14. Bxe4 Bb4+ 15. c3 Ba5 16. Bxc6+ Kf8 17. 0-0 Rd8 18. b4 Bb6 19. Re1 f6 20. a4 a5 21. Ba3 Rd5 22. Bxd5 fxe5 23. bxa5+ c5 24. axb6 exd4 25. Bxc5# 1-0

[Event "IECG CF.2001.0.00011 email"]
[Site "IECG email"]
[Date "2001.11.22"]
[Round "?"]
[White "Fischer, Robert"]
[Black "Pauls, Lawrence"]
[Result "1-0"]
[WhiteElo "1094"]
[BlackElo "890"]
[PlyCount "49"]
[EventDate "2001.11.22"]
[EventType "tourn (corr)"]
[EventRounds "6"]
[SourceTitle "Corr 2008"]
[Source "ChessBase"]
[SourceDate "2008.06.24"]
[SourceVersion "1"]
[SourceVersionDate "2008.06.24"]
[SourceQuality "1"]

1. e4 e5 2. Nf3 Nc6 3. Bb5 a6 4. Ba4 Nf6 5. 0-0 Be7 6. Re1 b5 7. Bb3 0-0 8. c3 d5 9. exd5 Nxd5 10. Nxe5 Nxe5 11. Rxe5 c6 12. d4 Bd6 13. Re1 Qh4 14. g3 Qh3 15. Re4 g5 16. a4 Nf6 17. Nd2 Nxe4 18. Nxe4 Be7 19. Bxg5 Ra7 20. Qd2 Kh8 21. axb5 cxb5 22. d5 Bxg5 23. Qd4+ f6 24. Qxa7 Qg4 25. Nd6 1-0

[Event "IECG QN.2001.0.00164"]
[Site "IECG email"]
[Date "2001.02.12"]
[Round "?"]
[White "Pauls, Lawrence"]
[Black "Jacquelin, Xavier"]
[Result "1-0"]
[WhiteElo "756"]
[BlackElo "605"]
[PlyCount "87"]
[EventDate "2001.02.12"]
[EventType "tourn (corr)"]
[EventRounds "6"]
[SourceTitle "Corr 2008"]
[Source "ChessBase"]
[SourceDate "2008.06.24"]
[SourceVersion "1"]
[SourceVersionDate "2008.06.24"]
[SourceQuality "1"]

1. e4 e5 2. Nf3 Nc6 3. Nc3 Nf6 4. d4 d6 5. dxe5 dxe5 6. Qxd8+ Nxd8 7. Nxe5 Bb4 8. Bd2 Bxc3 9. Bxc3 Nxe4 10. Bd4 f6 11. Nc4 Be6 12. f3 Nd6 13. Ne3 Nc6 14. Bc5 0-0-0 15. 0-0-0 Bxa2 16. b3 Rhe8 17. Kb2 Re5 18. Rd5 Rxe3 19. Bxe3 g6 20. Bd2 Ne5 21. Kxa2 c6 22. Rd4 Nf5 23. Rxd8+ Kxd8 24. f4 Ng4 25. Be2 Nf2 26. Rf1 Ne4 27. Bf3 Nxd2 28. Rd1 Ke7 29. Rxd2 a5 30. Ka3 Nh4 31. Ka4 Nxf3 32. gxf3 b6 33. b4 axb4 34. Kxb4 Ke6 35. c4 Ke7 36. f5 gxf5 37. f4 Ke6 38. Rg2 h6 39. Rg7 b5 40. Rh7 bxc4 41. Kxc4 Kd6 42. Rxh6 Ke7 43. Rh7+ Kf8 44. Kc5 1-0

[Event "IECG CN.2000.0.00220"]
[Site "IECG email"]
[Date "2000.11.02"]
[Round "?"]
[White "Pauls, Lawrence"]
[Black "Talukdar, Aparnesh"]
[Result "0-1"]
[WhiteElo "800"]
[BlackElo "800"]
[PlyCount "74"]
[EventDate "2000.11.02"]
[EventType "tourn (corr)"]
[EventRounds "6"]
[SourceTitle "Corr 2008"]
[Source "ChessBase"]
[SourceDate "2008.06.24"]
[SourceVersion "1"]
[SourceVersionDate "2008.06.24"]
[SourceQuality "1"]

1. e4 c5 2. Nf3 d6 3. d4 cxd4 4. Nxd4 Nf6 5. Nc3 a6 6. Be2 e6 7. 0-0 Be7 8. f4 0-0 9. Be3 Nc6 10. Nxc6 bxc6 11. a3 d5 12. e5 Nd7 13. b4 a5 14. Rb1 Ba6 15. Bxa6 axb4 16. axb4 Rxa6 17. Qd3 Ra3 18. Rf3 Qa8 19. Rh3 h6 20. Qd2 Rb8 21. Ne2 Ra1 22. Rxa1 Qxa1+ 23. Qc1 Qxc1+ 24. Bxc1 Rxb4 25. Ra3 Bc5+ 26. Kf1 Rb1 27. Rb3 Ra1 28. g3 Nb6 29. Kg2 Nc4 30. Rb8+ Kh7 31. Kf3 Ra2 32. c3 h5 33. Rb7 g5 34. Rxf7+ Kg8 35. Rc7 g4+ 36. Kg2 Rxe2+ 37. Kf1 Rc2 0-1

[Event "IECG CN.2000.0.00201"]
[Site "IECG email"]
[Date "2000.07.03"]
[Round "?"]
[White "Pauls, Lawrence"]
[Black "Tavakoli, Fariba"]
[Result "0-1"]
[WhiteElo "800"]
[BlackElo "800"]
[PlyCount "104"]
[EventDate "2000.07.03"]
[EventType "tourn (corr)"]
[EventRounds "6"]
[SourceTitle "Corr 2008"]
[Source "ChessBase"]
[SourceDate "2008.06.24"]
[SourceVersion "1"]
[SourceVersionDate "2008.06.24"]
[SourceQuality "1"]

1. e4 d5 2. exd5 Qxd5 3. d4 e5 4. Nc3 Qxd4 5. Qxd4 exd4 6. Nb5 Bb4+ 7. Bd2 Bxd2+ 8. Kxd2 Na6 9. Nxd4 Nc5 10. Re1+ Be6 11. Nxe6 Nxe6 12. Bc4 0-0-0+ 13. Kc1 Rd6 14. f4 Nxf4 15. Bxf7 Nh6 16. Re4 g5 17. g3 Ng4 18. gxf4 Nf2 19. Nf3 Nxe4 20. fxg5 Rf8 21. Bh5 Rd5 22. Rg1 Nf6 23. gxf6 Rxh5 24. Re1 Rxf6 25. Re8+ Kd7 26. Re3 Rhf5 27. Ne5+ Kd6 28. Nc4+ Kd5 29. b3 Rf2 30. Rh3 Rf7 31. Rh5+ Ke4 32. Rh4+ Kf5 33. Rh5+ Kf4 34. Ne5 Re7 35. Nd3+ Kg4 36. Rb5 Rf1+ 37. Kb2 b6 38. Ne5+ Kh3 39. Nc6 Re4 40. Nxa7 Rf2 41. Rh5+ Rh4 42. Re5 Kxh2 43. Re6 h5 44. Nb5 Rg4 45. Nxc7 Rgg2 46. Ka3 Rxc2 47. Nd5 Rxa2+ 48. Kb4 Rg4+ 49. Kc3 b5 50. Ne3 Rg5 51. b4 h4 52. Nf1+ Kg1 0-1

[Event "IECG QN.2000.0.00113"]
[Site "IECG email"]
[Date "2000.05.07"]
[Round "?"]
[White "Meymuhin, Anatoliy"]
[Black "Pauls, Lawrence"]
[Result "1-0"]
[WhiteElo "800"]
[BlackElo "800"]
[PlyCount "49"]
[EventDate "2000.05.07"]
[EventType "tourn (corr)"]
[EventRounds "6"]
[SourceTitle "Corr 2008"]
[Source "ChessBase"]
[SourceDate "2008.06.24"]
[SourceVersion "1"]
[SourceVersionDate "2008.06.24"]
[SourceQuality "1"]

1. c4 e5 2. Nc3 Nc6 3. g3 f5 4. Bg2 Nge7 5. Rb1 d6 6. b4 Be6 7. b5 Na5 8. d3 e4 9. Qa4 c6 10. Bd2 exd3 11. exd3 d5 12. bxc6 bxc6 13. cxd5 Nxd5 14. Nd1 Bc5 15. Bxa5 Bb6 16. Qxc6+ Kf7 17. Qb7+ Kg6 18. Bxb6 Nxb6 19. Ne2 Qxd3 20. Nf4+ Kh6 21. Nxd3 Rhe8 22. 0-0 Bxa2 23. Qc6+ Kh5 24. Bf3+ Kg5 25. h4# 1-0

[Event "IECG QN.2000.0.00113"]
[Site "IECG email"]
[Date "2000.05.07"]
[Round "?"]
[White "Pauls, Lawrence"]
[Black "McKenzie, Duncan"]
[Result "0-1"]
[WhiteElo "800"]
[BlackElo "800"]
[PlyCount "76"]
[EventDate "2000.05.07"]
[EventType "tourn (corr)"]
[EventRounds "6"]
[SourceTitle "Corr 2008"]
[Source "ChessBase"]
[SourceDate "2008.06.24"]
[SourceVersion "1"]
[SourceVersionDate "2008.06.24"]
[SourceQuality "1"]

1. e4 c5 2. Nc3 Nc6 3. Bc4 Nf6 4. d3 g6 5. Nf3 Bg7 6. 0-0 0-0 7. Bf4 d6 8. Qd2 Bg4 9. Ng5 Ne5 10. h3 Nxc4 11. dxc4 Bd7 12. b3 Bc6 13. Rad1 h6 14. Nf3 g5 15. Bg3 Bxe4 16. Rfe1 Bxf3 17. gxf3 Qd7 18. Re3 Nh5 19. Nd5 e6 20. Nc3 Nxg3 21. fxg3 Bd4 22. Nb5 Bxe3+ 23. Qxe3 d5 24. Qxc5 a6 25. Nc3 Rac8 26. Qe3 Qc7 27. Ne2 dxc4 28. b4 Rfd8 29. Rxd8+ Rxd8 30. f4 Rd1+ 31. Kf2 Qc6 32. fxg5 Qh1 33. g4 Qh2+ 34. Kf3 Qxh3+ 35. Ng3 Rf1+ 36. Ke4 Qxg4+ 37. Ke5 Rf3 38. Qe4 Qxg3+ 0-1